| 000 | 00423nam a2200157Ia 4500 | ||
|---|---|---|---|
| 008 | 210716s2003 xx 000 0 und d | ||
| 020 | _a9812436626 | ||
| 041 | _aeng | ||
| 082 | _a004.694 KRIS | ||
| 100 | _aKrishnamurthy, Sandeep. | ||
| 245 |
_aE- commerce management: text and cases. _bText and cases. |
||
| 250 | _a1 | ||
| 260 |
_aAustralia _bThomson south western _c2003 |
||
| 300 | _axxx,445 | ||
| 650 | _aE-Commerce | ||
| 999 |
_c186021 _d186021 |
||